| 000 | 00437nab a2200145Ia 4500 | ||
|---|---|---|---|
| 003 | ES-SlBCS | ||
| 005 | 20210601141935.0 | ||
| 008 | 140529s1970 xxu||||| |||| 00| 0 spa d | ||
| 041 | _aspa | ||
| 100 | 1 |
_aArcidiacono, Giuseppe _9261817 |
|
| 245 | 0 | 0 |
_aMagneto-hidrodinámica cósmica _c Giuseppe Arcidiacono |
| 650 | 0 | 4 |
_aHidrodinámica _9180873 |
| 773 | 0 |
_tFolia Humanistica _gvol. 8, nº. 87, 1970, págs. 263-273 _wRev1220 |
|
| 942 | _cAR | ||
| 999 |
_c668889 _d668889 |
||